00354nam a2200133Ia 4500008004100000020001500041041001200056100001800068245006300086250000800149260004000157300000800197650001500205221030s9999 xx 000 0 und d a1259026825 aEnglish aK. Aswathappa 0aHuman Resource Management - Text & Casescby K. Aswathappa a7th bMcGraw - Hill Pub.aNew Delhic2015 a874 aManagement